Statystyki dla Triumfatorzy konkursów PŚ - sezon 16/17

Kliknij tutaj aby rozwiązać quiz!

Ogólne statystyki

  • Ten quiz został rozwiązany 59 razy
  • Średni wynik to 7 z 9

Statystyki odpowiedzi

Liczba zwycięstwZawodnik% Poprawnych
7Kamil Stoch
100%
8Stefan Kraft
98%
1Peter Prevc
96%
4Domen Prevc
92%
1Severin Freund
81%
2Daniel Andre-Tande
77%
2Maciej Kot
74%
1Andreas Wellinger
64%
1Michael Hayboeck
45%

Rozkład punktacji

Percentyl według liczby udzielonych odpowiedzi

Procent ludzi z każdym wynikiem

Twoja historia wyników

Nie rozwiązałeś tego quizu